| 000 | 00406pab a2200169 454500 | ||
|---|---|---|---|
| 008 | 180718b2018 xxu||||| |||| 00| 0 eng d | ||
| 100 | _aSaurabh, Sameera | ||
| 245 | _aEconomic empowerment of rural women | ||
| 260 | _c2018 | ||
| 300 | _ap.12-17. | ||
| 362 | _aJan | ||
| 650 | _aWomen - Empowerment | ||
| 650 | _aWomen - India | ||
| 650 | _aRural women | ||
| 773 | _aKurukshetra | ||
| 909 | _a116825 | ||
| 999 |
_c116819 _d116819 |
||